00620nam a2200157 a 450000100100000000500170001000800410002702000150006804000250008310000330010824501550014126000680029630000200036470000300038471000480041400004031120201002034041.0130802s2006 mx 000 0 spa d a9703241395 aDO-SdBNPbspacBNPHU1 aSerrano Migallón, Fernando10aSeñas de identidad :bdiscurso de ingreso a la Academia Mexicana de la Lengua, respuesta de José G. Moreno de Alba /cFernando Serrano Migallón. aMéxico :bUniversidad Nacional Autónoma de México,c2006. a86 p. ;c18 cm.1 aMoreno de Alba, José G.2 aUniversidad Nacional Autónoma de México